| 000 -LEADER |
| fixed length control field |
01869cam a2200409 a 4500 |
| 001 - CONTROL NUMBER |
| control field |
15897422 |
| 003 - CONTROL NUMBER IDENTIFIER |
| control field |
NUST |
| 005 - DATE AND TIME OF LATEST TRANSACTION |
| control field |
20181118093643.0 |
| 008 - FIXED-LENGTH DATA ELEMENTS--GENERAL INFORMATION |
| fixed length control field |
090908s2009 nyu 000 1 eng |
| 010 ## - LIBRARY OF CONGRESS CONTROL NUMBER |
| LC control number |
2009036959 |
| 020 ## - INTERNATIONAL STANDARD BOOK NUMBER |
| International Standard Book Number |
9780553807158 |
| 020 ## - INTERNATIONAL STANDARD BOOK NUMBER |
| International Standard Book Number |
0553807153 |
| 035 ## - SYSTEM CONTROL NUMBER |
| System control number |
(OCoLC)ocn317926300 |
| 038 ## - RECORD CONTENT LICENSOR |
| Staff Name |
Arshad |
| 040 ## - CATALOGING SOURCE |
| Original cataloging agency |
DLC |
| Transcribing agency |
DLC |
| Modifying agency |
YDX |
| -- |
DLC |
| 043 ## - GEOGRAPHIC AREA CODE |
| Geographic area code |
n-us-co |
| 050 00 - LIBRARY OF CONGRESS CALL NUMBER |
| Classification number |
PS3561.O55 |
| Item number |
B74 2009 |
| 082 00 - DEWEY DECIMAL CLASSIFICATION NUMBER |
| Classification number |
823 |
| Author Mark |
KOO |
| 100 1# - MAIN ENTRY--PERSONAL NAME |
| Personal name |
Koontz, Dean R. |
| Fuller form of name |
(Dean Ray), |
| Dates associated with a name |
1945- |
| 9 (RLIN) |
12596 |
| 245 10 - TITLE STATEMENT |
| Title |
Breathless : |
| Remainder of title |
a novel / |
| Statement of responsibility, etc. |
Dean Koontz. |
| 250 ## - EDITION STATEMENT |
| Edition statement |
1st ed. |
| 260 ## - PUBLICATION, DISTRIBUTION, ETC. |
| Place of publication, distribution, etc. |
New York : |
| Name of publisher, distributor, etc. |
Bantam Books, |
| Date of publication, distribution, etc. |
2009. |
| 300 ## - PHYSICAL DESCRIPTION |
| Extent |
336 p. ; |
| Dimensions |
25 cm. |
| 520 ## - SUMMARY, ETC. |
| Summary, etc. |
When Colorado carpenter Gary Adams spots two mysterious creatures in the woods near his house, he calls on his friend, veterinarian Cammy Rivers for advice. But like Gary, Cammy has never seen an animal resembling this beautiful species. But when the Department of Homeland Security puts a call out for Gary and Cammy because of these animals, the two risk everything to protect the innocent creatures. |
| 650 #0 - SUBJECT ADDED ENTRY--TOPICAL TERM |
| Topical term or geographic name entry element |
Carpenters |
| Form subdivision |
Fiction. |
| 9 (RLIN) |
12597 |
| 650 #0 - SUBJECT ADDED ENTRY--TOPICAL TERM |
| Topical term or geographic name entry element |
Veterinarians |
| Form subdivision |
Fiction. |
| 9 (RLIN) |
12598 |
| 650 #0 - SUBJECT ADDED ENTRY--TOPICAL TERM |
| Topical term or geographic name entry element |
Quarantine |
| Form subdivision |
Fiction. |
| 9 (RLIN) |
12599 |
| 650 #0 - SUBJECT ADDED ENTRY--TOPICAL TERM |
| Topical term or geographic name entry element |
Mammals |
| Geographic subdivision |
Colorado |
| Form subdivision |
Fiction. |
| 9 (RLIN) |
12600 |
| 651 #0 - SUBJECT ADDED ENTRY--GEOGRAPHIC NAME |
| Geographic name |
Colorado |
| Form subdivision |
Fiction. |
| 9 (RLIN) |
12601 |
| 655 #7 - INDEX TERM--GENRE/FORM |
| Genre/form data or focus term |
Suspense fiction. |
| Source of term |
gsafd |
| 9 (RLIN) |
4577 |
| 856 42 - ELECTRONIC LOCATION AND ACCESS |
| Materials specified |
Contributor biographical information |
| Uniform Resource Identifier |
<a href="http://www.loc.gov/catdir/enhancements/fy1005/2009036959-b.html">http://www.loc.gov/catdir/enhancements/fy1005/2009036959-b.html</a> |
| 856 42 - ELECTRONIC LOCATION AND ACCESS |
| Materials specified |
Publisher description |
| Uniform Resource Identifier |
<a href="http://www.loc.gov/catdir/enhancements/fy1005/2009036959-d.html">http://www.loc.gov/catdir/enhancements/fy1005/2009036959-d.html</a> |
| 856 41 - ELECTRONIC LOCATION AND ACCESS |
| Materials specified |
Sample text |
| Uniform Resource Identifier |
<a href="http://www.loc.gov/catdir/enhancements/fy1005/2009036959-s.html">http://www.loc.gov/catdir/enhancements/fy1005/2009036959-s.html</a> |
| 906 ## - LOCAL DATA ELEMENT F, LDF (RLIN) |
| a |
7 |
| b |
cbc |
| c |
orignew |
| d |
1 |
| e |
ecip |
| f |
20 |
| g |
y-gencatlg |
| 942 ## - ADDED ENTRY ELEMENTS (KOHA) |
| Source of classification or shelving scheme |
|
| Koha item type |
Book |